000
00202 a2200097 4500
001
7978
100
_a
Collier, S E
245
_a
The battle of Britain
260
_a
_b
Bats ford
_c
090
_c
6388
_d
6388
942
_a
NUST-CAE
_c
M
_c
32920
999
_c
243051
_d
243051